000
00299nam a2200109Ia 4500
008
200302s9999 xx 000 0 und d
100
_a
IIA
245
_a
AAA / The arcasia awards for architecture 2017/Shortlisted projects
260
_b
Indian Institute of Architects
260
_c
2017
300
_a
250
999
_c
6334
_d
6334